|
|
|
|
| LEADER |
00000nam0a2200000 4500 |
| 001 |
338203 |
| 005 |
20231102005027.0 |
| 035 |
|
|
|a (RuTPU)RU\TPU\book\364692
|
| 090 |
|
|
|a 338203
|
| 100 |
|
|
|a 20171121d1963 km y0rusy50 ca
|
| 101 |
0 |
|
|a rus
|
| 102 |
|
|
|a RU
|
| 105 |
|
|
|a a z 001zy
|
| 200 |
1 |
|
|a Простой генератор коротких импульсов с амплитудою до 70 КВ
|e препринт 1429
|f В. И. Комаров, О. В. Савченко
|g Объединенный институт ядерных исследований (ОИЯИ)
|
| 210 |
|
|
|a Дубна
|c Изд-во ОИЯИ
|d 1963
|
| 215 |
|
|
|a 7 с.
|c ил.
|
| 320 |
|
|
|a Библиогр.: с. 4
|
| 606 |
1 |
|
|a Генераторы импульсные
|2 stltpush
|3 (RuTPU)RU\TPU\subj\64705
|9 81466
|
| 610 |
1 |
|
|a искровые разрядники
|
| 610 |
1 |
|
|a короткие импульсы
|
| 610 |
1 |
|
|a амплитуда
|
| 610 |
1 |
|
|a схемы
|
| 610 |
1 |
|
|a источники питания
|
| 610 |
1 |
|
|a препринты
|
| 675 |
|
|
|a 621.373.14
|v 4
|
| 700 |
|
1 |
|a Комаров
|b В. И.
|
| 701 |
|
1 |
|a Савченко
|b О. В.
|
| 712 |
0 |
2 |
|a Объединенный институт ядерных исследований (ОИЯИ)
|c (Дубна)
|2 stltpush
|3 (RuTPU)RU\TPU\col\243
|
| 801 |
|
1 |
|a RU
|b 63413507
|c 20171121
|
| 801 |
|
2 |
|a RU
|b 63413507
|c 20201106
|g RCR
|
| 942 |
|
|
|c BK
|